Economia (Registro nro. 1094)

Detalles MARC
000 -LEADER
fixed length control field 01391 a2200325 4500
001 - CONTROL NUMBER
control field 23181
005 - DATE AND TIME OF LATEST TRANSACTION
control field 20260407155521.0
008 - FIXED-LENGTH DATA ELEMENTS--GENERAL INFORMATION
fixed length control field 260407a1993 arg spa d
003 - CONTROL NUMBER IDENTIFIER
control field AR-UNSa-BCEJYS
040 ## - CATALOGING SOURCE
Original cataloging agency AR-UNSa-BCEJYS
Language of cataloging spa
Transcribing agency AR-UNSa-BCEJYS
080 ## - UNIVERSAL DECIMAL CLASSIFICATION NUMBER
Universal Decimal Classification number 330
Common auxiliary subdivision Economía en general
020 ## - INTERNATIONAL STANDARD BOOK NUMBER
International Standard Book Number 978-84-481-0137-4
041 ## - LANGUAGE CODE
Language code of text/sound track or separate title spa
100 1# - MAIN ENTRY--PERSONAL NAME
Personal name Samuelson, Paul A.
245 10 - TITLE STATEMENT
Title Economia
250 ## - EDITION STATEMENT
Edition statement 14a. ed.
264 #1 - PRODUCTION, PUBLICATION, DISTRIBUTION, MANUFACTURE, AND COPYRIGHT NOTICE
Place of production, publication, distribution, manufacture México :
Name of producer, publisher, distributor, manufacturer McGraw-Hill
Date of production, publication, distribution, manufacture, or copyright notice 1993
300 ## - PHYSICAL DESCRIPTION
Extent xlviiii, 954 p.
Dimensions 23 cm.
505 ## - FORMATTED CONTENTS NOTE
Formatted contents note Parte I: Conceptos basicos - Parte II: Microeconomia: La oferta, la demanda y los mercados de productos - Parte III: Salarios, alquileres y beneficios: la distribución de la renta - Parte IV: La eficiencia, la equidad y el estado - Parte V: Conceptos fundamentales de Macroeconomia - Parte VI: La oferta agregada y la politica macroeconomica - Parte VII: El comercio internacional y la económia mundial.
590 ## - LOCAL NOTE (RLIN)
Local note niveau_biblio:m niveau_hierar:0
700 1# - ADDED ENTRY--PERSONAL NAME
Personal name Nordhaus, William D.
700 1# - ADDED ENTRY--PERSONAL NAME
Personal name Rabasco, María Esther
700 1# - ADDED ENTRY--PERSONAL NAME
Personal name Toharia Cortés, Luis
700 1# - ADDED ENTRY--PERSONAL NAME
Personal name Escribana Perez, F. Javier
700 1# - ADDED ENTRY--PERSONAL NAME
Personal name Montalvo Rodriguez, Manuel
700 1# - ADDED ENTRY--PERSONAL NAME
Personal name Damm Arnal, Arturo
700 1# - ADDED ENTRY--PERSONAL NAME
Personal name Rozo Duran, Miguel
856 41 - ELECTRONIC LOCATION AND ACCESS
Uniform Resource Identifier <a href="https://biblioeco.unsa.edu.ar/pmb/images/libros/Economia 14ed (samuelson-nordhaus).jpg">https://biblioeco.unsa.edu.ar/pmb/images/libros/Economia 14ed (samuelson-nordhaus).jpg</a>
Link text Imagen de portada
Electronic format type image/jpeg
942 ## - ADDED ENTRY ELEMENTS (KOHA)
Koha item type
Existencias
Withdrawn status Lost status Damaged status Not for loan Home library Current library Shelving location Date acquired Total checkouts Full call number Barcode Date last seen Price effective from Koha item type
        Biblioteca Prof. Eusebio Cleto del Rey Biblioteca Prof. Eusebio Cleto del Rey   07/04/2026   330 S187 14ed. L65013 07/04/2026 07/04/2026 Libro
        Biblioteca Prof. Eusebio Cleto del Rey Biblioteca Prof. Eusebio Cleto del Rey   07/04/2026   330 S187 14ed. L85040 07/04/2026 07/04/2026 Libro